| 000 | 00782nam a22002177a 4500 | ||
|---|---|---|---|
| 005 | 20100806134649.0 | ||
| 010 | _aENG-98634 | ||
| 020 |
_a9788190786016 _c100.00 |
||
| 035 | _aEN-82166 | ||
| 037 | _bDBAD/PUB | ||
| 082 | _a338.10954 | ||
| 100 |
_aRamadoss, T. _97703 |
||
| 245 |
_aAgricultural trends in India / _cby T. Ramadoss |
||
| 260 |
_aChennai _bArul Publication _c2009 |
||
| 270 |
_a66, Periyar Street, MGR Nagar _bChennai _e60078 |
||
| 300 |
_avii,115p. _c20cm (pbk) |
||
| 500 | _aIncludes bibliographical references | ||
| 650 |
_aAgriculture-economic aspects _97704 |
||
| 942 |
_2ddc _cEN _h338.10954 _mRAM |
||
| 999 |
_c39748 _d39748 |
||